000 00284nam a22001337a 4500
008 170531b xxu||||| |||| 00| 0 eng d
020 _a9780520236936
041 _aeng
080 _23RD
_a93
100 _a17
101 _aSHH
245 _aEVOLUTION
_cBOWLER, P.J
942 _2udc
_cBK
999 _c15123
_d15123